000 00533nam a22001817a 4500
005 20230719155956.0
008 230719b ||||| |||| 00| 0 eng d
040 _cAL
041 _aEnglish
082 _223
_a305.8
_bRAJE
100 _aV T Rajshekar
_9127791
245 _aEmergence of Indigenous peoples
300 _a55 p.
_bPB
_c24x17 cm.
650 _acollection of papers
_9127792
650 _aThe first all India conference of Indigenous Peoples of India
_9127793
700 _aRAJSHEKAR (V T)
_9127794
942 _2ddc
_cDB
999 _c228005
_d228005